Calculus / (Record no. 5279)

MARC details
000 -LEADER
fixed length control field 00750pam a2200253 a 4500
001 - CONTROL NUMBER
control field 2451964
003 - CONTROL NUMBER IDENTIFIER
control field mut
005 - DATE AND TIME OF LATEST TRANSACTION
control field 20240606080953.0
008 - FIXED-LENGTH DATA ELEMENTS--GENERAL INFORMATION
fixed length control field 890414s1990 maua 001 0 eng
010 ## - LIBRARY OF CONGRESS CONTROL NUMBER
LC control number 89006851
020 ## - INTERNATIONAL STANDARD BOOK NUMBER
International Standard Book Number 0201193434
040 ## - CATALOGING SOURCE
Original cataloging agency DLC
Transcribing agency DLC
Modifying agency DLC
050 00 - LIBRARY OF CONGRESS CALL NUMBER
Classification number QA303
Item number .F44 1990
082 00 - DEWEY DECIMAL CLASSIFICATION NUMBER
Classification number 515
Edition information 20
100 1# - MAIN ENTRY--PERSONAL NAME
Personal name Finney, Ross L.
245 10 - TITLE STATEMENT
Title Calculus /
260 ## - PUBLICATION, DISTRIBUTION, ETC.
Place of publication, distribution, etc. Reading, Mass. :
Name of publisher, distributor, etc. Addison-Wesley,
Date of publication, distribution, etc. c1990.
300 ## - PHYSICAL DESCRIPTION
Extent xviii, 1044, 72, 9, 6 p. :
Other physical details ill. (some col.) ;
Dimensions 25 cm.
500 ## - GENERAL NOTE
General note Includes index.
650 #0 - SUBJECT ADDED ENTRY--TOPICAL TERM
Topical term or geographic name entry element Calculus.
700 1# - ADDED ENTRY--PERSONAL NAME
Personal name Thomas, George B.,
Titles and other words associated with a name Jr.
Fuller form of name (George Brinton),
Dates associated with a name 1914-2006.
906 ## - LOCAL DATA ELEMENT F, LDF (RLIN)
a 7
b cbc
c orignew
d 1
e ocip
f 19
g y-gencatlg
942 ## - ADDED ENTRY ELEMENTS (KOHA)
Source of classification or shelving scheme Library of Congress Classification
Koha item type Books
Holdings
Withdrawn status Lost status Source of classification or shelving scheme Damaged status Not for loan Home library Current library Date acquired Total checkouts Full call number Barcode Date last seen Date last checked out Price effective from Koha item type
    Library of Congress Classification     Murang'a University of Technology Library Murang'a University of Technology Library 09/02/2017 12 QA303 .F44 1990 005478 04/12/2018 20/11/2018 09/02/2017 Books